| 000 | 00420nam a2200169Ia 4500 | ||
|---|---|---|---|
| 008 | 241115s9999 xx 000 0 und d | ||
| 020 | _aNA | ||
| 082 | _a005.1 PRE | ||
| 100 | _aPresman, Roger S. | ||
| 245 | 0 | _aSoftware Engineering: a practical approach | |
| 250 | _a5th | ||
| 260 |
_aNew York: _bMcGrew Hill, _c2001 |
||
| 300 | _a860p. | ||
| 600 | _aComputer Science | ||
| 650 | _aComputer Science | ||
| 942 | _cBBD | ||
| 999 |
_c24536 _d24536 |
||